000 00259nam a2200109 a 4500
005 20140414132034.0
008 110322s19uu xx 00 eng d
050 _aTR
_bW56 1978
100 _aRex, Michael
245 _aWhere can bunny paint?.
999 _c113677
_d113677